Sociálno-ekonomický vývoj slovenského poľnohospodárskeho obyvateľstva

Salvato in:
Dettagli Bibliografici
Autore principale: Bauch, Vlastislav
Natura: Libro
Lingua:slovacco
Pubblicazione: Bratislava Pravda 1986
Edizione:1. vyd.
Tags: Aggiungi Tag
Nessun Tag, puoi essere il primo ad aggiungerne!!

MARC

LEADER 00000nam a2200000 4500
001 c023104
005 20221219100858.6
041 0 |a slo 
044 |a SK 
245 1 0 |a Sociálno-ekonomický vývoj slovenského poľnohospodárskeho obyvateľstva  |c Vlastislav Bauch 
250 |a 1. vyd. 
264 1 |a Bratislava  |b Pravda  |c 1986 
300 |a 362 s. 
100 1 |a Bauch, Vlastislav